000 00416 a2200157 4500
005 20250522163703.0
020 _a0 273 60603 4
082 _a658.72 BAI
100 _aBAILY, P.
245 _aPurchasing Principles and Management.
250 _a7th Ed.
260 _aLondon,
_bPitman publishing,
_c1994.
300 _avii, 339p.: Ill.; figures
_bIndex
_c25cm.
700 _aARMER, D. & JESSOP, D.
942 _2ddc
_cBKS
999 _c2555
_d2555